000 01353nam a22002417a 4500
999 _c62986
_d62986
003 Ge_BSU
005 20250423153210.0
008 250423s2021 ge ||||| |||| 00| 0 geo d
020 _a9789941843013
041 _ageo
080 _a712.41(075.8) ტ-92
245 _aტურისტული ობიექტების კეთილმოწყობა და გამწვანება :
_b[(ლექციების კურსი) /
_c ეთერ ბენიძე, რამაზ კილაძე, იზა ოჩხიკიძე, გიორგი კილაძე; რედაქტორი ნანა შარაშიძე.
264 _aქუთაისი,
_c2022.
300 _a412 გვ.:
_b ილ. ;
_c25 სმ.
504 _aბიბლიოგრაფია: გვ. 404-405.
653 _aლანდშაფტური არქიტექტურა
700 _aბენიძე, ე.
_eავტორი
_920708
700 _aკილაძე, რამაზ
_eავტორი
_916987
700 _4
_aოჩხიკიძე, იზა
_eავტორი
_924912
700 _aკილაძე, გიორგი
_eავტორი
_924914
700 _aშარაშიძე, ნანა
_eრედაქტორი
_924916
942 _2udc
_cᲬᲘᲒᲜᲘ